| 000 | 00493nam a2200169 i 4500 | ||
|---|---|---|---|
| 001 | 22378 | ||
| 003 | ES-MaACL | ||
| 005 | 20230906152702.0 | ||
| 007 | t| | ||
| 008 | 021202s1955 xxk ||||1| eng d | ||
| 100 | 1 |
_aAldington, Richard. _919643 |
|
| 245 | 1 | 0 |
_aLawrence of Arabia _b: a biographical enquiry / _cby Richard Aldington. |
| 260 |
_aLondon : _bCollins, _c1955. |
||
| 300 |
_a448 p., 10 lám. ; _c22 cm. |
||
| 600 | 1 | 4 |
_aLawrence, T. E. _9143370 |
| 852 |
_aES-MaACL _jE-7303 _bR.91919 |
||
| 999 |
_c22378 _d22378 |
||